THE SILVER BOX (Record no. 3116)
[ view plain ]
| 000 -LEADER | |
|---|---|
| fixed length control field | 00256nam a22001217a 4500 |
| 082 ## - DEWEY DECIMAL CLASSIFICATION NUMBER | |
| Classification number | 823 |
| Item number | GAL/S |
| 100 ## - MAIN ENTRY--AUTHOR NAME | |
| Personal name | GALSWORTHY, JOHN |
| 245 ## - TITLE STATEMENT | |
| Title | THE SILVER BOX |
| 260 ## - PUBLICATION, DISTRIBUTION, ETC. (IMPRINT) | |
| Place of publication | DEHRADUN |
| Name of publisher | MAPLE PRESS |
| Year of publication | 2011 |
| 300 ## - PHYSICAL DESCRIPTION | |
| Number of Pages | 112 |
| 650 ## - SUBJECT ADDED ENTRY--TOPICAL TERM | |
| Topical Term | NOVEL |
| Geographic subdivision | INDIA |
| 942 ## - ADDED ENTRY ELEMENTS (KOHA) | |
| Koha item type | Books |
| Withdrawn status | Lost status | Collection code | Home library | Current library | Shelving location | Date acquired | Source of acquisition | Cost, normal purchase price | Full call number | Accession Number | Koha item type |
|---|---|---|---|---|---|---|---|---|---|---|---|
| Fiction | Main Library | Main Library | SHELF-14E- ALPHABETICAL -E,F,G --ENGLISH NOVELS & FICTIONS | 19/07/2019 | purchase | 75.00 | 823 GAL/S | 11391 | Books |